000 01650nam0a2200409 4500
001 RU\NLR\BIBL_A\010943186
005 20260405192551.0
010 _a978-5-17-085461-5
_93000
021 _aRU
_b2015-94288
_95832
035 _a(NILC)RuMoRGB-008091602
035 _a(NLR Aleph) 010943186
090 _a10758567
_c10758567
100 _a20151222d2015 |||y0rusy50 ca
101 1 _arus
_ceng
102 _aRU
105 _ay|||z|||001yy
200 1 _aФокус
_dFocus
_eо внимании, рассеянности и жизненном успехе
_fДэниел Гоулман
_gпер. с англ. Марии Молчан
_zeng
210 _aМосква
_cCORPUS
_cАСТ
_d2015
215 _a378, [1] с.
_d22
225 1 _aПсихология
_dPsychologies
300 _aАвт. также на англ. яз.: Daniel Goleman
309 _aНа корешке: 350
320 _aБиблиогр. в примеч.: с. 321-360
320 _aПредм.-имен. указ.: с. 361-379
510 1 _6z48790
_aFocus
_zeng
517 1 _aО внимании, рассеянности и жизненном успехе
606 1 _aУспех
_xСоциально-психологические исследования
_92074287
_3RU\NLR\AUTH\661249276
675 _a159.9
686 1 _aС550.354
686 1 _aС550.373
700 1 _8rus
_7ca
_aГоулман
_bД.
_f1946-
_gДэниел
_3RU\NLR\AUTH\7784447
_967375
790 1 _4340
_8eng
_7ba
_aGoleman
_bD.
_f1946-
_gDaniel
_3RU\NLR\AUTH\7784452
_967380
801 0 _aRU
_bРГБ
_c20151210
_gRCR
942 _cBOOK
980 _aNB